| 000 | 00713nam a2200205 a 4500 | ||
|---|---|---|---|
| 001 | 59691 | ||
| 003 | BD-RjUL | ||
| 005 | 20211209080747.0 | ||
| 008 | 161226s1981 bg ||||| |||| 00| 0 ben d | ||
| 035 | _a(BD-RjUL)59815 | ||
| 040 |
_aBD-RjUL _bben _cBD-RjUL |
||
| 041 | _aben | ||
| 082 |
_223 _a371 _bSHI 1981 |
||
| 245 | 1 | 0 | _aশিক্ষা ও পরিকল্পনা / |
| 260 |
_aঢাকা : _bবাংলাদেশ বিশ্ববিদ্যালয় শিক্ষক সমিতি, _c১৯৮১ |
||
| 300 |
_a৪২০ পৃ. ; _c২৩ সেমি. |
||
| 650 |
_aবিশেষ শিক্ষা _9177643 |
||
| 650 |
_aSpecial Education _9177644 |
||
| 942 |
_2ddc _cBK |
||
| 999 |
_c59691 _d59691 |
||